[Event "V4 OPEN - International Championship of Slovakia 2
[Site "Banska Stiavnica"]
[Date "2013.07.14"]
[Round "9"]
[Board "3"]
[White "Banusz, Tamas"]
[Black "Petrik, Tomas"]
[Result "1/2-1/2"]
[WhiteElo "2588"]
[BlackElo "2512"]
[PlyCount "0"]
[EventDate "2013.07.06"]
[EventRounds "9"]
[EventCountry "SVK"]

1. Nf3 {[%clk 1:30:57]} Nf6 {[%clk 1:09:03]} 2. c4 {[%clk 1:31:17]} e6
{[%clk 1:04:26]} 3. g3 {[%clk 1:31:38]} b6 {[%clk 1:04:38]} 4. Bg2
{[%clk 1:31:50]} Bb7 {[%clk 1:04:58]} 5. O-O {[%clk 1:32:11]} Be7
{[%clk 1:04:11]} 6. d4 {[%clk 1:32:32]} O-O {[%clk 1:04:04]} 7. Re1
{[%clk 1:32:57]} Na6 {[%clk 1:01:22]} 8. Ne5 {[%clk 1:33:16]} Bxg2
{[%clk 0:48:47]} 9. Kxg2 {[%clk 1:31:23]} c5 {[%clk 0:47:51]} 10. d5
{[%clk 1:31:05]} exd5 {[%clk 0:37:25]} 11. cxd5 {[%clk 1:30:53]} Qc7
{[%clk 0:37:10]} 12. Nf3 {[%clk 1:30:12]} b5 {[%clk 0:34:38]} 13. e4
{[%clk 1:27:23]} d6 {[%clk 0:21:24]} 14. a4 {[%clk 1:25:32]} bxa4
{[%clk 0:15:44]} 15. Nc3 {[%clk 1:21:35]} Nb4 {[%clk 0:13:57]} 16. Bg5
{[%clk 1:16:59]} Rfe8 {[%clk 0:12:13]} 17. Rxa4 {[%clk 1:12:28]} Nd7
{[%clk 0:09:17]} 18. Bf4 {[%clk 1:11:02]} a6 {[%clk 0:05:44]} 19. Ra1
{[%clk 1:10:17]} Bf6 {[%clk 0:05:33]} 20. Qd2 {[%clk 1:08:34]} h6
{[%clk 0:05:37]} 21. h4 {[%clk 1:06:44]} Rab8 {[%clk 0:05:51]} 22. Rac1
{[%clk 1:06:28]} Rb7 {[%clk 0:03:18]} 23. b3 {[%clk 1:04:37]} c4 {[%clk 0:01:43]}
24. bxc4 {[%clk 1:02:17]} Nc5 {[%clk 0:02:01]} 25. Nb5 {[%clk 0:52:33]} axb5
{[%clk 0:01:51]} 26. Qxb4 {[%clk 0:52:59]} Nd3 {[%clk 0:02:07]} 27. Qxd6
{[%clk 0:52:50]} Nxe1+ {[%clk 0:01:53]} 28. Rxe1 {[%clk 0:53:10]} Qxd6
{[%clk 0:01:53]} 29. Bxd6 {[%clk 0:53:35]} bxc4 {[%clk 0:02:18]} 30. e5
{[%clk 0:53:33]} Be7 {[%clk 0:01:40]} 31. Bxe7 {[%clk 0:53:37]} Rbxe7
{[%clk 0:01:38]} 32. d6 {[%clk 0:52:56]} Rb7 {[%clk 0:01:14]} 33. Rc1
{[%clk 0:51:25]} Rc8 {[%clk 0:01:19]} 34. Nd4 {[%clk 0:51:34]} c3
{[%clk 0:01:09]} 35. Kf3 {[%clk 0:51:34]} Kf8 {[%clk 0:00:47]} 36. Ke4
{[%clk 0:51:35]} Ke8 {[%clk 0:00:43]} 37. f4 {[%clk 0:50:33]} Rb2
{[%clk 0:01:00]} 38. f5 {[%clk 0:49:54]} Rd2 {[%clk 0:01:20]} 39. Kd5
{[%clk 0:45:30]} c2 {[%clk 0:00:47]} 40. e6 {[%clk 0:45:47]} fxe6+
{[%clk 0:01:03]} 41. fxe6 {[%clk 0:46:12]} Rc3 {[%clk 0:00:51]} 42. Ra1
{[%clk 1:14:56]} c1=Q {[%clk 0:01:17]} 43. Ra8+ {[%clk 1:15:11]} Rc8
{[%clk 0:01:43]} 44. d7+ {[%clk 1:15:20]} Ke7 {[%clk 0:02:11]} 45. dxc8=Q
{[%clk 1:14:38]} Qh1+ {[%clk 0:02:35]} 46. Ke5 {[%clk 1:12:49]} Qe1+
{[%clk 0:03:00]} 47. Kd5 {[%clk 1:03:31]} Qh1+ {[%clk 0:02:51]} 48. Kc5
{[%clk 1:02:57]} Qc1+ {[%clk 0:02:20]} 49. Kb6 {[%clk 1:01:25]} Qxc8
{[%clk 0:01:16]} 50. Rxc8 {[%clk 1:01:51]} Rxd4 {[%clk 0:01:40]} 51. Kc5
{[%clk 1:02:09]} Rd3 {[%clk 0:00:37]} 52. Rc7+ {[%clk 1:00:30]} Kxe6
{[%clk 0:01:05]} 53. Rxg7 {[%clk 1:00:50]} Kf6 {[%clk 0:01:33]} 54. Rg8
{[%clk 1:00:51]} Kf7 {[%clk 0:01:22]} 55. Rg4 {[%clk 1:01:15]} Rd1
{[%clk 0:01:30]} 56. Kc4 {[%clk 1:00:40]} Rd2 {[%clk 0:01:48]} 57. Kc3
{[%clk 1:01:05]} Rd1 {[%clk 0:02:11]} 58. Kc2 {[%clk 1:01:30]} Rd8
{[%clk 0:02:13]} 59. Rc4 {[%clk 1:01:19]} Kg6 {[%clk 0:02:23]} 60. g4
{[%clk 1:01:45]} Rd7 {[%clk 0:02:24]} 61. Kc3 {[%clk 1:02:00]} Rd1
{[%clk 0:02:03]} 62. Rd4 {[%clk 1:02:07]} Rh1 {[%clk 0:01:58]} 63. Rd6+
{[%clk 1:02:33]} Kg7 {[%clk 0:02:23]} 64. h5 {[%clk 1:02:57]} Rg1
{[%clk 0:02:36]} 65. Rg6+ {[%clk 1:03:24]} Kh7 {[%clk 0:02:58]} 66. Kd4
{[%clk 1:03:49]} Ra1 {[%clk 0:03:14]} 67. Ke4 {[%clk 1:03:26]} Ra4+
{[%clk 0:03:21]} 68. Kf3 {[%clk 1:03:52]} Ra3+ {[%clk 0:03:48]} 69. Kf4
{[%clk 1:04:17]} Ra4+ {[%clk 0:04:12]} 70. Kg3 {[%clk 1:04:42]} Ra3+
{[%clk 0:04:22]} 71. Kh4 {[%clk 1:05:08]} Rb3 {[%clk 0:04:49]} 72. Rf6
{[%clk 1:05:26]} Kg7 {[%clk 0:05:14]} 73. Rf2 {[%clk 1:05:32]} Ra3
{[%clk 0:05:21]} 74. Rg2 {[%clk 1:05:57]} Kf6 {[%clk 0:03:28]} 75. Rg3
{[%clk 1:06:23]} Ra1 {[%clk 0:02:43]} 76. Rb3 {[%clk 1:06:47]} Kg7
{[%clk 0:03:02]} 77. Kg3 {[%clk 1:07:10]} Ra4 {[%clk 0:03:14]} 78. Kf3
{[%clk 1:07:35]} Rc4 {[%clk 0:03:20]} 79. Rb7+

[Event "V4 OPEN - International Championship of Slovakia 2
[Site "Banska Stiavnica"]
[Date "2013.07.14"]
[Round "9"]
[Board "4"]
[White "Pacher, Milan"]
[Black "Cernousek, Lukas"]
[Result "0-1"]
[WhiteElo "2455"]
[BlackElo "2454"]
[PlyCount "0"]
[EventDate "2013.07.06"]
[EventRounds "9"]
[EventCountry "SVK"]

1. e4 {[%clk 1:27:25]} c5 {[%clk 1:30:54]} 2. Nf3 {[%clk 1:27:51]} d6
{[%clk 1:31:20]} 3. d4 {[%clk 1:28:18]} Nf6 {[%clk 1:31:45]} 4. Nc3
{[%clk 1:28:44]} cxd4 {[%clk 1:32:08]} 5. Nxd4 {[%clk 1:29:10]} a6
{[%clk 1:31:22]} 6. Bc4 {[%clk 1:29:23]} e6 {[%clk 1:31:45]} 7. Bb3
{[%clk 1:29:43]} b5 {[%clk 1:31:47]} 8. Bg5 {[%clk 1:29:53]} Be7 {[%clk 1:31:34]}
9. Qf3 {[%clk 1:30:07]} Ra7 {[%clk 1:31:11]} 10. O-O-O {[%clk 1:29:17]} Bd7
{[%clk 1:29:13]} 11. Rhe1 {[%clk 1:22:13]} b4 {[%clk 1:20:54]} 12. Nce2
{[%clk 1:20:02]} Qc8 {[%clk 1:08:21]} 13. Ng3 {[%clk 1:15:31]} h6
{[%clk 1:00:38]} 14. Bxf6 {[%clk 1:12:19]} Bxf6 {[%clk 1:00:59]} 15. Nh5
{[%clk 1:12:31]} Bg5+ {[%clk 0:47:40]} 16. Kb1 {[%clk 1:12:53]} Rg8
{[%clk 0:47:23]} 17. Nf5 {[%clk 0:55:01]} exf5 {[%clk 0:47:46]} 18. exf5+
{[%clk 0:55:26]} Kf8 {[%clk 0:48:01]} 19. Bxf7 {[%clk 0:51:59]} Kxf7
{[%clk 0:37:54]} 20. Qd5+ {[%clk 0:52:00]} Kf8 {[%clk 0:38:23]} 21. Qxd6+
{[%clk 0:52:08]} Kf7 {[%clk 0:38:51]} 22. Qd5+ {[%clk 0:42:11]} Kf8
{[%clk 0:39:19]} 23. h4 {[%clk 0:42:27]} Bxf5 {[%clk 0:31:43]} 24. hxg5
{[%clk 0:31:40]} Qxc2+ {[%clk 0:32:02]} 25. Ka1 {[%clk 0:32:06]} Rd7
{[%clk 0:32:05]} 26. Qf3 {[%clk 0:31:46]} Rxd1+ {[%clk 0:17:49]} 27. Rxd1
{[%clk 0:31:45]} Nc6 {[%clk 0:10:06]} 28. Re1 {[%clk 0:28:00]} Nd4
{[%clk 0:08:48]} 29. Qa8+ {[%clk 0:25:54]} Qc8 {[%clk 0:09:04]} 30. Qxc8+
{[%clk 0:25:18]} Bxc8 {[%clk 0:09:32]} 31. Re4 {[%clk 0:25:13]} Ne6
{[%clk 0:04:57]} 32. g6 {[%clk 0:24:14]} Ke7 {[%clk 0:05:02]} 33. f4
{[%clk 0:23:57]} Rd8 {[%clk 0:03:51]} 34. b3 {[%clk 0:24:13]} Rd4
{[%clk 0:02:14]} 35. Re1 {[%clk 0:24:34]} Kf8 {[%clk 0:02:12]} 36. f5
{[%clk 0:24:51]} Nf4 {[%clk 0:01:35]} 37. Nxg7 {[%clk 0:22:29]} Kxg7
{[%clk 0:00:42]} 38. Re7+ {[%clk 0:22:52]} Kf8 {[%clk 0:00:42]} 39. Rh7
{[%clk 0:23:02]} Bxf5 {[%clk 0:00:39]} 40. Rf7+ {[%clk 0:23:08]} Kg8
{[%clk 0:00:46]} 0-1

[Event "V4 OPEN - International Championship of Slovakia 2
[Site "Banska Stiavnica"]
[Date "2013.07.14"]
[Round "9"]
[Board "5"]
[White "Plachetka, Jan"]
[Black "Nagy, Gabor"]
[Result "0-1"]
[WhiteElo "2355"]
[BlackElo "2449"]
[PlyCount "0"]
[EventDate "2013.07.06"]
[EventRounds "9"]
[EventCountry "SVK"]

1. c4 {[%clk 1:21:41]} c5 {[%clk 1:30:24]} 2. Nf3 {[%clk 1:21:52]} Nf6
{[%clk 1:30:41]} 3. g3 {[%clk 1:21:54]} Nc6 {[%clk 1:31:00]} 4. Bg2
{[%clk 1:22:09]} d5 {[%clk 1:31:10]} 5. cxd5 {[%clk 1:22:29]} Nxd5
{[%clk 1:31:33]} 6. Nc3 {[%clk 1:22:43]} Nc7 {[%clk 1:31:53]} 7. O-O
{[%clk 1:20:57]} e5 {[%clk 1:32:01]} 8. d3 {[%clk 1:17:30]} Be7 {[%clk 1:32:14]}
9. Nd2 {[%clk 1:15:20]} Bd7 {[%clk 1:32:08]} 10. Nc4 {[%clk 1:14:24]} f6
{[%clk 1:32:30]} 11. f4 {[%clk 1:12:25]} b5 {[%clk 1:31:45]} 12. fxe5
{[%clk 1:10:30]} bxc4 {[%clk 1:29:46]} 13. exf6 {[%clk 1:08:25]} Bxf6
{[%clk 1:26:51]} 14. dxc4 {[%clk 1:07:33]} O-O {[%clk 1:24:54]} 15. Bf4
{[%clk 1:06:31]} Bd4+ {[%clk 1:21:33]} 16. e3 {[%clk 1:06:12]} Rxf4
{[%clk 1:21:02]} 17. gxf4 {[%clk 1:04:31]} Bxe3+ {[%clk 1:21:21]} 18. Kh1
{[%clk 1:04:51]} Bd4 {[%clk 1:21:22]} 19. Qh5 {[%clk 0:56:54]} g6
{[%clk 1:19:41]} 20. Qe2 {[%clk 0:56:39]} Ne7 {[%clk 1:18:39]} 21. Rae1
{[%clk 0:55:14]} Nf5 {[%clk 1:18:53]} 22. Qd3 {[%clk 0:55:15]} Rb8
{[%clk 1:16:58]} 23. b3 {[%clk 0:53:25]} Qh4 {[%clk 1:15:48]} 24. Ne2
{[%clk 0:34:25]} Re8 {[%clk 1:14:36]} 25. Ng3 {[%clk 0:29:55]} Ne3 0-1

[Event "V4 OPEN - International Championship of Slovakia 2
[Site "Banska Stiavnica"]
[Date "2013.07.14"]
[Round "9"]
[Board "6"]
[White "Bokros, Albert"]
[Black "Lanc, Alois"]
[Result "1/2-1/2"]
[WhiteElo "2439"]
[BlackElo "2369"]
[PlyCount "0"]
[EventDate "2013.07.06"]
[EventRounds "9"]
[EventCountry "SVK"]

1. e4 {[%clk 1:30:21]} e5 {[%clk 1:30:46]} 2. Nf3 {[%clk 1:30:16]} Nc6
{[%clk 1:30:59]} 3. Bb5 {[%clk 1:29:41]} a6 {[%clk 1:31:18]} 4. Ba4
{[%clk 1:30:05]} Nf6 {[%clk 1:31:37]} 5. d3 {[%clk 1:29:42]} d6 {[%clk 1:28:49]}
6. O-O {[%clk 1:28:40]} b5 {[%clk 1:28:56]} 7. Bb3 {[%clk 1:28:44]} Be7
{[%clk 1:27:27]} 8. c3 {[%clk 1:21:32]} O-O {[%clk 1:26:59]} 9. Re1
{[%clk 1:21:23]} Na5 {[%clk 1:26:09]} 10. Bc2 {[%clk 1:21:48]} c5
{[%clk 1:26:34]} 11. Nbd2 {[%clk 1:22:13]} Nc6 {[%clk 1:26:35]} 12. Nf1
{[%clk 1:22:22]} Re8 {[%clk 1:26:50]} 13. Ng3 {[%clk 1:22:44]} Bf8
{[%clk 1:24:53]} 14. h3 {[%clk 1:22:33]} g6 {[%clk 1:24:17]} 15. Be3
{[%clk 1:09:23]} Bb7 {[%clk 1:23:12]} 16. Qd2 {[%clk 1:03:14]} d5
{[%clk 1:16:07]} 17. Bg5 {[%clk 0:54:35]} dxe4 {[%clk 1:11:57]} 18. Nxe4
{[%clk 0:45:23]} 1/2-1/2

[Event "V4 OPEN - International Championship of Slovakia 2
[Site "Banska Stiavnica"]
[Date "2013.07.14"]
[Round "9"]
[Board "8"]
[White "Pinter, Erik"]
[Black "Leniart, Arkadiusz"]
[Result "0-1"]
[WhiteElo "2364"]
[BlackElo "2473"]
[PlyCount "0"]
[EventDate "2013.07.06"]
[EventRounds "9"]
[EventCountry "SVK"]

1. e4 {[%clk 1:27:54]} e5 {[%clk 1:30:53]} 2. Nc3 {[%clk 1:27:44]} Nf6
{[%clk 1:31:16]} 3. g3 {[%clk 1:28:09]} Nc6 {[%clk 1:22:22]} 4. Bg2
{[%clk 1:26:36]} Bc5 {[%clk 1:22:18]} 5. d3 {[%clk 1:22:12]} a6 {[%clk 1:17:26]}
6. h3 {[%clk 1:08:42]} b5 {[%clk 1:10:59]} 7. Be3 {[%clk 1:06:23]} Bxe3
{[%clk 1:08:29]} 8. fxe3 {[%clk 1:06:45]} O-O {[%clk 1:07:43]} 9. Nf3
{[%clk 0:54:09]} b4 {[%clk 1:02:15]} 10. Nd5 {[%clk 0:52:38]} d6 {[%clk 1:02:33]}
11. Nxf6+ {[%clk 0:42:06]} Qxf6 {[%clk 1:00:45]} 12. Qd2 {[%clk 0:42:31]} Qg6
{[%clk 0:58:04]} 13. g4 {[%clk 0:42:33]} a5 {[%clk 0:56:25]} 14. Qf2
{[%clk 0:37:01]} Qe6 {[%clk 0:48:59]} 15. O-O {[%clk 0:36:23]} Bb7
{[%clk 0:48:43]} 16. Qg3 {[%clk 0:31:41]} Ne7 {[%clk 0:44:27]} 17. Rf2
{[%clk 0:30:54]} f6 {[%clk 0:44:13]} 18. Nh4 {[%clk 0:28:51]} d5 {[%clk 0:41:38]}
19. exd5 {[%clk 0:28:28]} Bxd5 {[%clk 0:42:00]} 20. e4 {[%clk 0:27:30]} Bb7
{[%clk 0:39:10]} 21. Bf3 {[%clk 0:23:31]} a4 {[%clk 0:34:14]} 22. Nf5
{[%clk 0:21:50]} Ng6 {[%clk 0:30:57]} 23. g5 {[%clk 0:19:40]} fxg5
{[%clk 0:29:20]} 24. Qxg5 {[%clk 0:20:00]} Qf6 {[%clk 0:28:54]} 25. Rg2
{[%clk 0:20:03]} Kh8 {[%clk 0:26:04]} 26. Rg3 {[%clk 0:09:30]} Qxg5
{[%clk 0:25:05]} 27. Rxg5 {[%clk 0:09:55]} Nf4 {[%clk 0:24:42]} 28. Rg3
{[%clk 0:09:19]} g6 {[%clk 0:19:48]} 29. Ne3 {[%clk 0:09:07]} b3 {[%clk 0:17:42]}
30. axb3 {[%clk 0:05:17]} axb3 {[%clk 0:18:07]} 31. Rc1 {[%clk 0:05:42]} Ra2
{[%clk 0:08:40]} 32. cxb3 {[%clk 0:06:06]} Rxb2 {[%clk 0:09:05]} 33. Rxc7
{[%clk 0:06:29]} Rxb3 {[%clk 0:09:02]} 34. Ng4 {[%clk 0:05:42]} Nxd3
{[%clk 0:08:02]} 35. Bg2 {[%clk 0:04:38]} Rb1+ {[%clk 0:07:57]} 36. Kh2
{[%clk 0:05:03]} Nf4 {[%clk 0:05:22]} 37. Nxe5 {[%clk 0:05:00]} Nxg2
{[%clk 0:04:58]} 38. Rxg2 {[%clk 0:04:10]} Bxe4 {[%clk 0:05:17]} 39. Re2
{[%clk 0:04:30]} Bd5 {[%clk 0:04:02]} 40. Rd2 {[%clk 0:01:06]} Rh1+
{[%clk 0:02:52]} 41. Kg3 {[%clk 0:01:26]} Rg1+ {[%clk 0:01:41]} 42. Kh2
{[%clk 0:00:59]} Rh1+ {[%clk 0:00:58]} 43. Kg3 {[%clk 0:01:19]} Be6
{[%clk 0:29:06]} 44. Rd6 {[%clk 0:26:19]} Rxh3+ {[%clk 0:25:50]} 45. Kg2
{[%clk 0:26:28]} Bf5 {[%clk 0:25:35]} 46. Nxg6+ {[%clk 0:13:19]} hxg6
{[%clk 0:25:58]} 47. Rxg6 {[%clk 0:13:43]} Rb8 {[%clk 0:25:28]} 48. Rgc6
{[%clk 0:12:13]} Rg8+ {[%clk 0:19:58]} 49. Kf2 {[%clk 0:11:08]} Be4
{[%clk 0:20:09]} 50. Rf6 {[%clk 0:11:17]} Ra8 {[%clk 0:19:00]} 51. Rc1
{[%clk 0:10:11]} Ra2+ {[%clk 0:18:58]} 52. Ke1 {[%clk 0:10:34]} Re3+
{[%clk 0:19:20]} 53. Kf1 {[%clk 0:10:52]} Bd3+ {[%clk 0:19:46]} 0-1

[Event "V4 OPEN - International Championship of Slovakia 2
[Site "Banska Stiavnica"]
[Date "2013.07.14"]
[Round "9"]
[Board "9"]
[White "Jurcik, Martin"]
[Black "Fodor, Tamas Jr."]
[Result "0-1"]
[WhiteElo "2358"]
[BlackElo "2455"]
[PlyCount "0"]
[EventDate "2013.07.06"]
[EventRounds "9"]
[EventCountry "SVK"]

1. e4 {[%clk 1:25:21]} e6 {[%clk 1:30:42]} 2. d4 {[%clk 1:25:31]} d5
{[%clk 1:31:08]} 3. Nc3 {[%clk 1:25:05]} Nc6 {[%clk 1:31:30]} 4. exd5
{[%clk 1:19:11]} exd5 {[%clk 1:31:53]} 5. Bf4 {[%clk 1:13:35]} Bb4
{[%clk 1:29:28]} 6. Bb5 {[%clk 1:00:09]} Bxc3+ {[%clk 1:28:16]} 7. bxc3
{[%clk 1:00:28]} Nge7 {[%clk 1:29:13]} 8. Ne2 {[%clk 0:54:20]} O-O
{[%clk 1:29:02]} 9. O-O {[%clk 0:54:43]} Ng6 {[%clk 1:24:29]} 10. Bg3
{[%clk 0:53:15]} Nce7 {[%clk 1:24:36]} 11. Bd3 {[%clk 0:46:32]} c6
{[%clk 1:22:52]} 12. Qb1 {[%clk 0:40:50]} b6 {[%clk 1:22:43]} 13. Qb3
{[%clk 0:33:21]} f5 {[%clk 1:19:47]} 14. Nf4 {[%clk 0:29:44]} Nxf4
{[%clk 1:19:43]} 15. Bxf4 {[%clk 0:30:09]} Ng6 {[%clk 1:20:07]} 16. Bd2
{[%clk 0:30:10]} f4 {[%clk 1:13:30]} 17. f3 {[%clk 0:25:16]} Bf5 {[%clk 1:12:58]}
18. c4 {[%clk 0:24:32]} Qf6 {[%clk 1:11:53]} 19. Kh1 {[%clk 0:20:56]} Rad8
{[%clk 1:10:12]} 20. Rae1 {[%clk 0:13:49]} Kh8 {[%clk 1:09:08]} 21. cxd5
{[%clk 0:12:13]} cxd5 {[%clk 1:09:29]} 22. Bb4 {[%clk 0:07:29]} Rg8
{[%clk 1:08:06]} 23. Bxf5 {[%clk 0:05:59]} Qxf5 {[%clk 1:08:31]} 24. Re2
{[%clk 0:06:07]} Rc8 {[%clk 1:07:44]} 25. c3 {[%clk 0:00:41]} Qd3
{[%clk 1:04:38]} 26. Rfe1 {[%clk 0:00:37]} a5 {[%clk 1:04:59]} 0-1

[Event "V4 OPEN - International Championship of Slovakia 2
[Site "Banska Stiavnica"]
[Date "2013.07.14"]
[Round "9"]
[Board "10"]
[White "Aczel, Gergely"]
[Black "Nasuta, Grzegorz"]
[Result "1/2-1/2"]
[WhiteElo "2451"]
[BlackElo "2353"]
[PlyCount "0"]
[EventDate "2013.07.06"]
[EventRounds "9"]
[EventCountry "SVK"]

1. Nf3 {[%clk 1:30:57]} Nf6 {[%clk 1:30:55]} 2. b3 {[%clk 1:31:21]} d6
{[%clk 1:28:08]} 3. Bb2 {[%clk 1:31:20]} e5 {[%clk 1:28:28]} 4. e3
{[%clk 1:28:29]} Be7 {[%clk 1:22:46]} 5. c4 {[%clk 1:28:00]} O-O {[%clk 1:12:49]}
6. Nc3 {[%clk 1:27:21]} c5 {[%clk 1:00:35]} 7. Qc2 {[%clk 1:21:44]} Nc6
{[%clk 1:00:30]} 8. a3 {[%clk 1:21:57]} h6 {[%clk 0:57:48]} 9. Be2
{[%clk 1:17:51]} Be6 {[%clk 0:57:20]} 10. O-O {[%clk 1:17:36]} Rc8
{[%clk 0:51:47]} 11. Rfd1 {[%clk 1:07:01]} d5 {[%clk 0:41:04]} 12. cxd5
{[%clk 1:05:46]} Nxd5 {[%clk 0:41:32]} 13. Bc4 {[%clk 0:40:27]} Nc7
{[%clk 0:27:24]} 14. Bxe6 {[%clk 0:35:52]} Nxe6 {[%clk 0:27:38]} 15. Qe4
{[%clk 0:36:07]} Ng5 {[%clk 0:21:54]} 16. Nxg5 {[%clk 0:35:38]} Bxg5
{[%clk 0:22:22]} 17. Na4 {[%clk 0:24:26]} Qd6 {[%clk 0:21:04]} 18. b4
{[%clk 0:16:57]} cxb4 {[%clk 0:18:45]} 19. axb4 {[%clk 0:17:25]} Qxb4
{[%clk 0:16:17]} 20. Qxb4 {[%clk 0:17:43]} Nxb4 {[%clk 0:16:45]} 21. Bxe5
{[%clk 0:17:54]} Nc6 {[%clk 0:15:02]} 22. Bg3 {[%clk 0:17:20]} b5
{[%clk 0:11:13]} 23. Nc3 {[%clk 0:12:23]} Bf6 {[%clk 0:07:37]} 24. Ra6
{[%clk 0:05:21]} b4 {[%clk 0:08:05]} 25. Nd5 {[%clk 0:04:30]} Rfd8
{[%clk 0:06:32]} 26. Nxf6+ {[%clk 0:04:55]} gxf6 {[%clk 0:07:00]} 27. Kf1
{[%clk 0:04:17]} Rd5 {[%clk 0:02:11]} 28. d4 {[%clk 0:02:50]} b3 {[%clk 0:01:58]}
29. Rb1 {[%clk 0:02:38]} Rb5 {[%clk 0:01:41]} 30. Ke2 {[%clk 0:01:58]} Na5
{[%clk 0:01:02]} 31. Kd3 {[%clk 0:00:38]} b2 {[%clk 0:00:45]} 32. Rxb2
{[%clk 0:00:49]} Rxb2 {[%clk 0:01:07]} 33. Rxa5 {[%clk 0:01:16]} Rb7
{[%clk 0:01:03]} 34. Ke4 {[%clk 0:01:07]} Rc6 {[%clk 0:00:44]} 35. d5
{[%clk 0:00:40]} Rcb6 {[%clk 0:01:05]} 36. d6 {[%clk 0:00:50]} Kf8
{[%clk 0:01:33]} 37. Rc5 {[%clk 0:00:40]} Ke8 {[%clk 0:01:31]} 38. Rc8+
{[%clk 0:00:35]} Kd7 {[%clk 0:02:00]} 39. Rf8 {[%clk 0:01:03]} Ke6
{[%clk 0:01:39]} 40. Re8+ {[%clk 0:01:32]} Kd7 {[%clk 0:02:08]} 41. Rf8
{[%clk 0:00:37]} Ke6 {[%clk 0:01:27]} 42. Re8+ {[%clk 0:23:19]} Kd7
{[%clk 0:32:18]} 43. Rh8 {[%clk 0:19:07]} a5 {[%clk 0:15:05]} 44. Kf5
{[%clk 0:16:55]} a4 {[%clk 0:15:21]} 45. Ra8 {[%clk 0:15:37]} Rb4
{[%clk 0:15:46]} 46. Kxf6 {[%clk 0:15:57]} Rb8 {[%clk 0:16:05]} 1/2-1/2

[Event "V4 OPEN - International Championship of Slovakia 2
[Site "Banska Stiavnica"]
[Date "2013.07.14"]
[Round "9"]
[Board "11"]
[White "Kocetkova, Julia"]
[Black "Gledura, Benjamin"]
[Result "0-1"]
[WhiteElo "2328"]
[BlackElo "2421"]
[PlyCount "0"]
[EventDate "2013.07.06"]
[EventRounds "9"]
[EventCountry "SVK"]

1. e4 {[%clk 1:29:47]} c5 {[%clk 1:30:49]} 2. Nf3 {[%clk 1:30:08]} Nc6
{[%clk 1:31:13]} 3. Bb5 {[%clk 1:30:18]} e6 {[%clk 1:30:55]} 4. O-O
{[%clk 1:30:14]} Nge7 {[%clk 1:30:47]} 5. Nc3 {[%clk 1:30:01]} a6
{[%clk 1:30:47]} 6. Bxc6 {[%clk 1:30:25]} Nxc6 {[%clk 1:31:05]} 7. d4
{[%clk 1:30:44]} cxd4 {[%clk 1:31:03]} 8. Nxd4 {[%clk 1:31:07]} Qc7
{[%clk 1:30:06]} 9. Nxc6 {[%clk 1:12:12]} bxc6 {[%clk 1:25:32]} 10. Qg4
{[%clk 1:10:59]} d6 {[%clk 1:07:27]} 11. Qg3 {[%clk 1:10:13]} h5 {[%clk 0:55:21]}
12. h3 {[%clk 1:10:26]} h4 {[%clk 0:54:57]} 13. Qf3 {[%clk 1:10:27]} Be7
{[%clk 0:54:01]} 14. Na4 {[%clk 1:10:48]} O-O {[%clk 0:51:45]} 15. c4
{[%clk 1:09:26]} Bd7 {[%clk 0:47:59]} 16. Nc3 {[%clk 1:07:36]} f5
{[%clk 0:47:02]} 17. Qd3 {[%clk 1:02:58]} fxe4 {[%clk 0:44:11]} 18. Nxe4
{[%clk 1:03:21]} d5 {[%clk 0:39:52]} 19. Ng5 {[%clk 0:51:27]} Rf5
{[%clk 0:39:32]} 20. Nf3 {[%clk 0:50:59]} Qd6 {[%clk 0:37:41]} 21. Bd2
{[%clk 0:45:20]} Rb8 {[%clk 0:32:21]} 22. Bc3 {[%clk 0:43:46]} e5
{[%clk 0:31:24]} 23. Rad1 {[%clk 0:36:14]} d4 {[%clk 0:23:03]} 24. Qe4
{[%clk 0:33:43]} Qf6 {[%clk 0:17:13]} 25. Bd2 {[%clk 0:12:13]} Rxb2
{[%clk 0:11:57]} 26. Bc1 {[%clk 0:10:09]} Rb8 {[%clk 0:11:45]} 27. Rfe1
{[%clk 0:09:37]} Bd6 {[%clk 0:10:39]} 28. Nxh4 {[%clk 0:09:55]} Rh5
{[%clk 0:10:00]} 29. Nf3 {[%clk 0:07:09]} Bc7 {[%clk 0:05:03]} 30. Nh2
{[%clk 0:06:51]} Rf8 {[%clk 0:03:54]} 31. Rf1 {[%clk 0:06:51]} Bf5
{[%clk 0:03:56]} 32. Qe2 {[%clk 0:07:20]} Qg6 {[%clk 0:03:43]} 33. Kh1
{[%clk 0:06:20]} e4 34. Rxd4 {[%clk 0:05:42]} Bxh3 {[%clk 0:02:05]} 35. gxh3
{[%clk 0:00:45]} Rxh3 {[%clk 0:02:30]} 0-1

[Event "V4 OPEN - International Championship of Slovakia 2
[Site "Banska Stiavnica"]
[Date "2013.07.14"]
[Round "9"]
[Board "12"]
[White "Talla, Vladimir"]
[Black "Gbyl, Andrzej"]
[Result "1/2-1/2"]
[WhiteElo "2394"]
[BlackElo "2174"]
[PlyCount "0"]
[EventDate "2013.07.06"]
[EventRounds "9"]
[EventCountry "SVK"]

1. c4 {[%clk 1:27:12]} Nf6 {[%clk 1:30:34]} 2. g3 {[%clk 1:27:35]} e6
{[%clk 1:30:40]} 3. Bg2 {[%clk 1:26:23]} d5 {[%clk 1:30:55]} 4. Nf3
{[%clk 1:26:44]} Be7 {[%clk 1:30:58]} 5. O-O {[%clk 1:27:03]} O-O
{[%clk 1:31:06]} 6. b3 {[%clk 1:27:02]} b6 {[%clk 1:31:14]} 7. Bb2
{[%clk 1:27:11]} Bb7 {[%clk 1:31:36]} 8. e3 {[%clk 1:27:11]} dxc4
{[%clk 1:31:17]} 9. bxc4 {[%clk 1:27:30]} c5 {[%clk 1:31:40]} 10. Nc3
{[%clk 1:27:00]} Nc6 {[%clk 1:31:59]} 11. Qe2 {[%clk 1:26:01]} Qc7
{[%clk 1:31:23]} 12. Ne1 {[%clk 1:19:36]} Rfd8 {[%clk 1:25:46]} 13. g4
{[%clk 1:18:20]} Nb4 {[%clk 1:23:34]} 14. Bxb7 {[%clk 1:16:24]} Qxb7
{[%clk 1:23:58]} 15. d3 {[%clk 1:16:49]} Rd7 {[%clk 1:22:13]} 16. f4
{[%clk 1:12:33]} Rad8 {[%clk 1:19:07]} 17. Rd1 {[%clk 1:11:41]} Ne8
{[%clk 1:15:28]} 18. a3 {[%clk 1:02:01]} Nc6 {[%clk 1:15:52]} 19. Nf3
{[%clk 1:02:22]} a6 {[%clk 1:12:14]} 20. a4 {[%clk 1:01:09]} Nc7 {[%clk 1:08:56]}
21. g5 {[%clk 1:00:38]} b5 {[%clk 1:08:31]} 22. axb5 {[%clk 1:00:39]} axb5
{[%clk 1:08:57]} 23. cxb5 {[%clk 1:00:58]} Nxb5 {[%clk 1:09:23]} 24. Ne4
{[%clk 1:01:20]} Nb4 {[%clk 0:57:02]} 25. Ne5 {[%clk 0:38:12]} Rd5
{[%clk 0:42:40]} 26. Qh5 {[%clk 0:36:54]} Bf8 {[%clk 0:42:58]} 27. Ng4
{[%clk 0:36:19]} Rf5 {[%clk 0:41:30]} 28. Nef6+ {[%clk 0:25:33]} Rxf6
{[%clk 0:41:20]} 29. gxf6 {[%clk 0:19:22]} g6 {[%clk 0:41:41]} 30. Qh3
{[%clk 0:18:10]} Rxd3 {[%clk 0:41:52]} 31. Ne5 {[%clk 0:18:31]} Rd5
{[%clk 0:35:18]} 32. Rxd5 {[%clk 0:16:47]} Nxd5 {[%clk 0:34:42]} 33. Qf3
{[%clk 0:05:23]} Nd4 {[%clk 0:29:49]} 34. Bxd4 {[%clk 0:04:51]} cxd4
{[%clk 0:30:15]} 35. exd4 {[%clk 0:04:43]} Qa7 {[%clk 0:27:49]} 36. Qd3
{[%clk 0:02:42]} 1/2-1/2